Disequilibrium and asymmetric price adjustment. The case of the Swedish timber market.
Otázka rovnováhy alebo nerovnováhy na švédskom trhu stavebného dreva. Predpoklad nerovnováhy medzi dopytom a ponukou. Ekonometrický model založený na modeli čiastočnej cenovej úpravy umožňujúci asymetrické úpravy cien. Test rovnováhy versus test nerovnováhy.
Gespeichert in:
| 1. Verfasser: | |
|---|---|
| Format: | Buchkapitel |
| Sprache: | Englisch |
| Schlagworte: | |
| Tags: |
Keine Tags, Fügen Sie das erste Tag hinzu!
|
MARC
| LEADER | 00000naa a2200000 4500 | ||
|---|---|---|---|
| 001 | r007830 | ||
| 005 | 20221130103032.5 | ||
| 041 | 0 | |a eng | |
| 044 | |a AT | ||
| 245 | 1 | 0 | |a Disequilibrium and asymmetric price adjustment. The case of the Swedish timber market. |c R. Brännlund |
| 520 | |a Otázka rovnováhy alebo nerovnováhy na švédskom trhu stavebného dreva. Predpoklad nerovnováhy medzi dopytom a ponukou. Ekonometrický model založený na modeli čiastočnej cenovej úpravy umožňujúci asymetrické úpravy cien. Test rovnováhy versus test nerovnováhy. | ||
| 610 | 2 | 0 | |a drevo |
| 610 | 2 | 0 | |a trh |
| 610 | 2 | 0 | |a Švédsko |
| 610 | 2 | 0 | |a rovnováha trhová |
| 610 | 2 | 0 | |a dopyt |
| 610 | 2 | 0 | |a ponuka |
| 610 | 2 | 0 | |a modely ekonometrické |
| 100 | 1 | |a Brännlund, R. | |